Statistiques concernant Anagrammes - Vocabulaire - Série 01

Cliquez ici pour prendre le quiz!

Statistiques générales

  • Ce quiz a été pris 193 fois
  • Le résultat moyen est 5 sur 10

Statistiques - réponses

IndiceAnagrammeMot% Correct
écoleANEena
94%
mesureREMETmetre
94%
couleurIRONEnoire
93%
sportANNOTAITnatation
60%
écritureNOTESsteno
41%
légersANERIESaeriens
35%
douceurDEFINIRASfriandise
15%
navireEMERGENTgreement
14%
alcaloideINSEREEeserine
12%
drainOSENTseton
11%

Distribution des résultats

Percentile par nombre de réponses

% des personnes avec chaque résultat

Votre développement - résultats

Vous n’avez pas pris ce quiz